| 000 | 00815nam a2200253Ia 4500 | ||
|---|---|---|---|
| 003 | GCL | ||
| 008 | 140319s9999 xx 000 0 ara d | ||
| 040 |
_aGCL / _cGCL |
||
| 082 | 0 | 4 |
_a720 _bع ع |
| 100 | 1 | _aعفيف البهنسى | |
| 245 | 1 | 0 |
_aالعمارة والمعاصرة / _cعفيف البهنسى |
| 260 |
_aسوريا : _bدار الشرق ، _c2005 |
||
| 300 |
_a123 ص ؛ _c30 سم |
||
| 650 | 0 | 4 | _aالعمارة الاسلامية |
| 650 | 0 | 4 | _aالعمارة العربية |
| 650 | 0 | 4 | _aالاثار الاسلامية |
| 650 | 0 | 4 | _aالعمارة |
| 650 | 0 | 4 | _aالعمارة الحديثة |
| 650 | 0 | 4 | _aالعمارة القديمة |
| 650 | 0 | 4 | _aالعمارة - تصميمات |
| 650 | 0 | 4 | _aالعمارة - تاريخ |
| 650 | 0 | 4 | _aالاثار - ترميم |
| 942 |
_2ddc _cBK |
||
| 999 |
_c9985 _d9985 |
||